Roblox Doors Quiz - Statistics

General Stats
  • This quiz has been taken 217 times
    97 since last reset
  • The average score is 31 of 98
Answer Stats
Hint Answer Descriptions in badges % Correct
(Entities) "Psst!" Screech
91%
Flickering lights Rush
88%
Don't look at this entity Eyes
83%
Go in closet, go out, and backagain until the entity is gone Ambush
80%
"Get out" Hide
80%
Chance to appear when you opena drawer and takes 5 of your health Timothy
77%
"TURN AROUND" Halt
75%
Chance to appear in closets orwhen you open a door Jack
74%
Is in Room 50 and Room 100 Figure
69%
Fixes the game if you experience a bug Glitch
68%
Spawns as a fake door Dupe
62%
Harmless entity outside thewindow Window
62%
Rare chance to appear after youopen a door in a room Shadow
58%
Cyclops Seek
57%
Has a shop Jeff
55%
Helps player Guiding Light
54%
Skeleton Bob
52%
Harmless entity that can talk tothe player El Goblino
52%
Teleports you back to otherplayers when you get lost Void
51%
Like 6th entity in this quiz but inThe Rooms A-120
49%
Like 3rd entity in this quiz but inThe Rooms A-60
49%
Don't move when this entityappears A-90
46%
Traps player when stepped on Snare
43%
Helps you in The Rooms Curious Light
42%
Creepypasta but in Doors (AprilFools) Jeff The Killer
42%
Find it to open a locked door Key
42%
Makes a dark room even lighter Flashlight
40%
Traps entities for a short periodof time Crucifix
38%
Makes a dark room lighter Lighter
38%
(Items) Gives players extra speed Vitamin
38%
Refills flashlight Battery
37%
Appears when collecting gold(April Fools) Greed
37%
Where the codes are in Book
35%
Can open locked doors without akey Lockpick
35%
Opens doors with a skull lock andlocked doors Skeleton Key
34%
(Badges) (Type the name of the badge ->) (Directions) Join for the first time. Welcome (Badges) (Description on badge) Enjoy your stay!
34%
Heals player Bandage
32%
Part of yellow fruit that monkeyseat (April Fools) Banana Peel
31%
Used in painting puzzle Painting
31%
Cut vines Shears
31%
Used to detect hostile entities andis even more lighter Candle
29%
Fake key (April Fools) Evil Key
29%
Used to figure out the code toescape the library Paper
26%
Successfully run from Seek. You Can Run But you can't um... um... uhh...
26%
Reach A-1000 A-1000 < - (shown as ??? prior to unlocking)I can't feel my legs.
25%
Steal a hiding spot from someoneright before they die. Betrayal Dibs!
25%
Survive the Eyes. Look At Me Last chance to look at me.
25%
Escape the Hotel. Rock Bottom This is just the beggining.
25%
Flashlight in The Rooms Shakelight
25%
Join another day. Welcome Back Are you enjoying your stay?
25%
Enter The Rooms. Detour I think I'm lost.
23%
Escape The Hotel with at least a 150% bonus using modifiers. Hotel Hell This is the worst hotel I've everstayed at.
23%
Use a Crucifix against Screech. I Hate You Could you not be yourself for fiveminutes?!
22%
Encounter your first death. One Of Many You're just getting started.
22%
Survive Ambush. Rebound Coming back for seconds!
22%
Use a Crucifix against Figure. All Figured Out I figured that wouldn't work forlong...
20%
Escape The Rooms through thenaturally-spawning exits. Back On Track That sucked... but hey, check outthis cool flashlight!
20%
Play a run with a friend. Buddy System Everything's better with friends!
20%
Get kicked out of a hiding spot byHide. Eviction Notice And stay out!
20%
Encounter your hundredth death. Hundred Of Many That's more like it!
20%
Preserve an item in a Rift. Interconnected Enjoy, future me!
20%
Encounter Timothy while looting. Meet Timothy Hello there little spider!
20%
Encounter your tenth death. Ten Of Many You'll get used to it.
20%
Encounter the Glitch. Error Well that just happened.
18%
Encounter Jack. Meet Jack Ooga booga!
18%
For night vision and X-ray Scanner/NVCS-9000
18%
Revive yourself. Back From The Dead I have unfinished business.
17%
Find and use a green herb. Herb of Viridis My heart beats stronger...
17%
Bomb (April Fools) Holy Hand Grenade
17%
Hide from an entity by staying outof sight. In Plain Sight Quick, behind that convenientlyshaped lamp!
17%
Dodge Screech's attack. I See You Peek-a-boo!
17%
Fill Jeff's tip bar. Pls Donate Now I can go to college!
17%
Escape from the library in theHotel. Sshh! Careful not to make a sound!
17%
Same as 14th to the last entity inthis quiz (April Fools) Subspace Tripmine
17%
Beat SUPER HARD MODE!!(April Fools 2023) Survival The Jeff TheKiller That was a weird dream.
17%
Complete the Circuit Breakerpuzzle in under a minute without any errors. Expert Technician I'm the one for the job.
15%
Encounter the Void. It Stares Back Guys, wait up!!!
15%
Escape The Hotel with at least a50% bonus using modifiers. Not Five Stars I'm leaving a bad review.
15%
Successfully survive Rush. Out Of My Way I'm walkin' here!
15%
Use a Crucifix against Seek. Take A Breather Sit down for a moment.
15%
Play the Tower Heroes x DOORSevent and complete El Goblino's quest. Tower Hero el goblino meta
15%
Use a Crucifix against Halt. Two Steps Ahead I don't feel like dealing with you.
15%
Survive Halt. Two Steps Forward... ...and one step back.
15%
Use a Crucifix against Ambush. Unbound Shut up, thanks.
15%
Use a Crucifix against the Eyes. You Can't See Me That probably wasn't the best useof one of those.
15%
Use a Crucifix against Dupe. Outwitted The duper becomes... the dupee.
14%
Use a Crucifix against Rush. Stay Out Of My Way You're not that guy, pal.
14%
Purchase an item from Jeff. Supporting SmallBusinesses Thank you, come again!
14%
Play the Tower Heroes X DOORSevent and beat void. Void Buster I ain't afraid of no Void!
14%
Encounter the Dupe by goingthrough the wrong door. Wrong Room Well this is awkward...
14%
Play the Tower Heroes x DOORSevent and complete the Hotel on Adventurer mode. Hotel Adventurer i be adventurin... in da hotel...
12%
Test stuff. QA Tester You're special! Not in a mean way.
12%
Gives you even more health(April Fools) Shield Potion
12%
Play the Tower Heroes x DOORSevent and complete The Library on Hard. True Tower Hero AWESOME!!!
12%
Inside the elevator in Room 100 Electrical Room Key
11%
Use a Crucifix successfully. Evil Be Gone I banish thee!
11%
Join the LSPLASH group (and geta free revive)! Join The Group You're one with the cool kids now!
8%
Gives you more health (AprilFools) Mini Shield Potion
8%
No matching quizzes found
Score Distribution
Percent of People with Each Score
Percentile by Number Answered
Your Score History
You have not taken this quiz since the last reset